000
00276nam a22001217a 4500
008
171020b xxu||||| |||| 00| 0 eng d
041
_a
eng
080
_a
338
100
_a
54
101
_a
MNG
245
_a
BUILDING CROSS-CULTURAL COMPETENCE
_c
TURNER, CH.M
942
_2
udc
_c
BK
999
_c
35177
_d
35177